000 00776nam a22001937a 4500
005 20240520125703.0
010 _aHIN-127655
020 _c100.00
035 _aHN-100001
037 _bDBAD
082 _a828
100 _aझा, कृष्ण चन्द्र
_966456
245 _aअनमिल आखर/
_cकृष्ण चन्द्र झा
260 _aदरभंगा
_bगोदावरी प्रकाशन
_c2017
270 _aप्रोफेसर कॉलोनी, दिग्घी पश्चिम
_bदरभंगा
_e846004
300 _a83 प्.
_c21 से.मी. (अजिल्द).
700 _aझा, कृष्ण चन्द्र
_966297
942 _2ddc
_cHN
_h828
_mझाकृष्ण
999 _c203014
_d203014